| 000 | 01235cam a22003613a 4500 | ||
|---|---|---|---|
| 001 | 15348 | ||
| 003 | PGUSA | ||
| 005 | 20140828083328.0 | ||
| 008 | 050313s2005||||xxu|||||s|||||000 1 eng d | ||
| 040 |
_aPGUSA _beng |
||
| 042 | _adc | ||
| 050 | 4 | _aPZ | |
| 100 | 1 |
_aBallantyne, R. M. _q(Robert Michael), _d1825-1894 |
|
| 245 | 1 | 0 |
_aBlown to Bits; or, The Lonely Man of Rakata _h[electronic resource] / _cR. M. Ballantyne |
| 260 |
_bProject Gutenberg, _c2005 |
||
| 506 | _aPublic domain in the USA. | ||
| 516 | _aElectronic text | ||
| 653 | _aCanoes and canoeing -- Juvenile fiction | ||
| 653 | _aIslands -- Juvenile fiction | ||
| 653 | _aMalay Archipelago -- Juvenile fiction | ||
| 653 | _aMurder -- Juvenile fiction | ||
| 653 | _aKrakatoa (Indonesia) -- Juvenile fiction | ||
| 653 | _aPirates -- Juvenile fiction | ||
| 653 | _aFriendship -- Juvenile fiction | ||
| 653 | _aAdventure and adventurers -- Juvenile fiction | ||
| 653 | _aHermits -- Juvenile fiction | ||
| 653 | _aNatural history -- Juvenile fiction | ||
| 653 | _aConduct of life -- Juvenile fiction | ||
| 653 | _aHunting -- Juvenile fiction | ||
| 830 | 0 |
_aProject Gutenberg _v15348 |
|
| 856 | 4 | 0 | _uhttp://www.gutenberg.org/ebooks/15348 |
| 942 | _cEB | ||
| 999 |
_c244603 _d244603 |
||